[Event "Online Olym Disabilities"]
[Site "Tornelo INT"]
[Date "2020.11.27"]
[Round "7.9"]
[White "Sarita, Manoj Kataria"]
[Black "Florea, Dorina"]
[Result "1/2-1/2"]
[WhiteElo "1266"]
[BlackElo "1741"]
[PlyCount "45"]
[EventDate "2020.11.21"]
[EventType "team-swiss (rapid)"]
[EventRounds "7"]
[EventCountry "NET"]
[SourceTitle "CBM 199 Extra"]
[Source "ChessBase"]
[SourceDate "2021.01.31"]
[SourceVersion "1"]
[SourceVersionDate "2021.01.31"]
[SourceQuality "1"]
[WhiteTeam "India II"]
[BlackTeam "Romania"]
[WhiteTeamCountry "IND"]
[BlackTeamCountry "ROU"]

1. e4 c5 2. d3 Nc6 3. Nc3 Nf6 4. Nf3 d6 5. g3 e6 6. Bg2 Be7 7. 0-0 0-0 8. Re1 Bd7 9. a3 h6 10. Be3 Ng4 11. h3 Nxe3 12. Rxe3 Nd4 13. Re1 Bf6 14. Ne2 Nxf3+ 15. Bxf3 Qc7 16. Rb1 Rab8 17. b3 Bc6 18. Bg2 Rfd8 19. Nf4 Bc3 20. Rf1 d5 21. exd5 exd5 22. Ne2 Bf6 23. Nf4 1/2-1/2

[Event "Online Olym Disabilities"]
[Site "Tornelo INT"]
[Date "2020.11.26"]
[Round "6.6"]
[White "Taranenko, Polina"]
[Black "Florea, Dorina"]
[Result "1-0"]
[WhiteElo "1445"]
[BlackElo "1741"]
[PlyCount "59"]
[EventDate "2020.11.21"]
[EventType "team-swiss (rapid)"]
[EventRounds "7"]
[EventCountry "NET"]
[SourceTitle "CBM 199 Extra"]
[Source "ChessBase"]
[SourceDate "2021.01.31"]
[SourceVersion "1"]
[SourceVersionDate "2021.01.31"]
[SourceQuality "1"]
[WhiteTeam "Russia II"]
[BlackTeam "Romania"]
[WhiteTeamCountry "RUS"]
[BlackTeamCountry "ROU"]

1. d4 Nf6 2. c4 e6 3. Nf3 d5 4. Nc3 Be7 5. Bf4 c6 6. e3 Nbd7 7. Bd3 0-0 8. 0-0 h6 9. Ne5 Nxe5 10. Bxe5 Nd7 11. Bg3 dxc4 12. Bxc4 e5 13. dxe5 Qa5 14. e6 Ne5 15. exf7+ Nxf7 16. Ne4 Kh8 17. Qb3 Ng5 18. Nd6 b5 19. Bd3 Be6 20. Qc2 Bxd6 21. Bxd6 Rfd8 22. Bg3 Rac8 23. a3 c5 24. Rfd1 c4 25. Bf5 Qb6 26. h4 Bxf5 27. Qxf5 Nh7 28. Be5 Rf8 29. Bxg7+ Kxg7 30. Rd7+ 1-0

[Event "EU-ch Amateur U2000"]
[Site "Rhodes"]
[Date "2019.04.10"]
[Round "5"]
[White "Flis, Pawel"]
[Black "Florea, Dorina"]
[Result "1/2-1/2"]
[WhiteElo "1903"]
[BlackElo "1734"]
[PlyCount "58"]
[EventDate "2019.04.06"]
[EventType "swiss"]
[EventRounds "9"]
[EventCountry "GRE"]
[SourceTitle "EXT 2020"]
[Source "ChessBase"]
[SourceDate "2019.10.17"]
[SourceVersion "1"]
[SourceVersionDate "2019.10.17"]
[SourceQuality "1"]

1. e4 c5 2. Nf3 d6 3. d4 cxd4 4. Nxd4 Nf6 5. Nc3 a6 6. Bg5 e6 7. f4 Be7 8. Qf3 Qb6 9. 0-0-0 Nc6 10. Nb3 Qc7 11. Bd3 0-0 12. Qh3 Nb4 13. Kb1 Nxd3 14. cxd3 b5 15. Rc1 Qa7 16. e5 dxe5 17. fxe5 Nd5 18. Bxe7 Nxe7 19. Ne4 Nd5 20. Rhf1 Bb7 21. Nbc5 Rac8 22. d4 Rc7 23. Ng5 h6 24. Ngxe6 fxe6 25. Rxf8+ Kxf8 26. Nxe6+ Kg8 27. Nxc7 Nxc7 28. Rxc7 Be4+ 29. Rc2 Qxd4 1/2-1/2

[Event "Wch Seniors 65 (Women) 26th"]
[Site "Marianske Lazne"]
[Date "2016.11.30"]
[Round "9"]
[White "Gaprindashvili, Nona"]
[Black "Florea, Dorina"]
[Result "1-0"]
[WhiteElo "2311"]
[BlackElo "1769"]
[PlyCount "89"]
[EventDate "2016.11.19"]
[EventType "swiss"]
[EventRounds "9"]
[EventCountry "CZE"]
[SourceTitle "CBM 175 Extra"]
[Source "ChessBase"]
[SourceDate "2016.12.12"]
[SourceVersion "1"]
[SourceVersionDate "2016.12.12"]
[SourceQuality "1"]

1. d4 Nf6 2. c4 e6 3. Nf3 d5 4. Bg5 Be7 5. Nc3 c6 6. e3 0-0 7. Qc2 Nbd7 8. a3 h6 9. Bh4 Re8 10. Rd1 dxc4 11. Bxc4 Nb6 12. Ba2 Nfd5 13. Bg3 Nxc3 14. Qxc3 Nd5 15. Qc2 Nf6 16. 0-0 Bd7 17. Bb1 Rc8 18. Ne5 c5 19. dxc5 Rxc5 20. Nxd7 Qxd7 21. Rxd7 Rxc2 22. Rxe7 Rxb2 23. Rxe8+ Nxe8 24. Be4 b6 25. Rc1 f5 26. Bb1 Kf7 27. Bc2 b5 28. a4 b4 29. Be5 Ra2 30. Bb3 Rd2 31. Bd4 Rd3 32. Rb1 Nf6 33. Bxa7 Ne4 34. Bc2 Rd7 35. Bxe4 Rxa7 36. Bc6 Rc7 37. Bb5 b3 38. Rxb3 Rc1+ 39. Bf1 Ra1 40. Rb7+ Kf6 41. Ra7 g5 42. a5 Ke5 43. a6 Kd6 44. Rh7 g4 45. Rxh6 1-0

[Event "Wch Seniors 65 (Women) 26th"]
[Site "Marianske Lazne"]
[Date "2016.11.27"]
[Round "7"]
[White "Florea, Dorina"]
[Black "Benova, Zita"]
[Result "1-0"]
[WhiteElo "1769"]
[BlackElo "1632"]
[PlyCount "73"]
[EventDate "2016.11.19"]
[EventType "swiss"]
[EventRounds "9"]
[EventCountry "CZE"]
[SourceTitle "CBM 175 Extra"]
[Source "ChessBase"]
[SourceDate "2016.12.12"]
[SourceVersion "1"]
[SourceVersionDate "2016.12.12"]
[SourceQuality "1"]

1. e4 d6 2. d4 g6 3. c4 Bg7 4. Nc3 c6 5. Nf3 Bg4 6. Be2 Nd7 7. 0-0 a6 8. Be3 Bxf3 9. Bxf3 Bh6 10. Bxh6 Nxh6 11. Qd2 Nf5 12. exf5 gxf5 13. Qf4 Qa5 14. Rfe1 e5 15. Qxf5 0-0-0 16. dxe5 Qb4 17. exd6 Qxc4 18. Nd5 Kb8 19. Ne7 Ka8 20. Rec1 Qe6 21. Rd1 h5 22. Qa5 Nb8 23. Qa3 Rh6 24. Rac1 Rxd6 25. Rxd6 Qxd6 26. Qxd6 Rxd6 27. Nf5 Rd2 28. Rb1 Nd7 29. Bxh5 Ne5 30. a4 Ka7 31. b3 a5 32. Ne3 b5 33. f4 Nd3 34. g3 Nb4 35. axb5 cxb5 36. Bxf7 Re2 37. Nd5 1-0

[Event "Wch Seniors 65 (Women) 26th"]
[Site "Marianske Lazne"]
[Date "2016.11.21"]
[Round "3"]
[White "Florea, Dorina"]
[Black "O'Neill, Julie Anne"]
[Result "1-0"]
[WhiteElo "1769"]
[BlackElo "1774"]
[PlyCount "167"]
[EventDate "2016.11.19"]
[EventType "swiss"]
[EventRounds "9"]
[EventCountry "CZE"]
[SourceTitle "CBM 175 Extra"]
[Source "ChessBase"]
[SourceDate "2016.12.12"]
[SourceVersion "1"]
[SourceVersionDate "2016.12.12"]
[SourceQuality "1"]

1. e4 g6 2. d4 Bg7 3. c4 d6 4. Nf3 Nd7 5. Nc3 a6 6. Be2 b6 7. 0-0 Bb7 8. h3 h6 9. Be3 e6 10. Qd2 Ne7 11. Rad1 g5 12. Qc2 0-0 13. Rfe1 f5 14. d5 e5 15. Bd3 f4 16. Bc1 Qe8 17. b4 Bc8 18. Be2 Nf6 19. Qd3 Nh7 20. Nh2 h5 21. Bd2 Nf6 22. f3 Qg6 23. Rf1 Kf7 24. Be1 Rh8 25. a4 g4 26. fxg4 hxg4 27. Nxg4 Bxg4 28. Bxg4 Nxg4 29. hxg4 Qxg4 30. Qf3 Qxf3 31. gxf3 Rag8 32. Rd2 Bf6+ 33. Rg2 Ng6 34. Rg4 Bh4 35. Bf2 Bxf2+ 36. Rxf2 Nh4 37. Rxg8 Rxg8+ 38. Kf1 Rg3 39. Ke2 Ng2 40. Nd1 Kg6 41. Kf1 Nh4 42. Ke2 Kg5 43. Nc3 Ng2 44. Nd1 Kh4 45. Rf1 Rh3 46. Nf2 Rh2 47. Ng4 Rh3 48. Nf2 Rg3 49. Rh1+ Kg5 50. Nh3+ Kg6 51. Rg1 Kf6 52. Kf2 Rxh3 53. Rxg2 Ke7 54. Rg7+ Kd8 55. Rg8+ Kd7 56. Rg7+ Kc8 57. b5 axb5 58. axb5 Kb7 59. Rg1 Rh2+ 60. Rg2 Rh8 61. Kg1 Ra8 62. Rc2 Ra3 63. Kg2 Ra8 64. Rc3 Ra2+ 65. Kh3 Re2 66. Kg4 Re3 67. Rxe3 fxe3 68. Kg3 Kc8 69. Kg2 Kd7 70. Kf1 Ke7 71. Ke2 Kf6 72. Kxe3 Kg5 73. Ke2 Kf4 74. Kf2 Kg5 75. Kg3 Kh5 76. f4 exf4+ 77. Kxf4 Kg6 78. e5 Kf7 79. e6+ Ke7 80. Kf5 Ke8 81. Kf6 Kd8 82. e7+ Ke8 83. Ke6 c6 84. Kxd6 1-0

[Event "ROM-chT (Women)"]
[Site "Mamaia"]
[Date "2015.10.03"]
[Round "1.1"]
[White "Florea, Dorina"]
[Black "Dragomirescu, Angela"]
[Result "0-1"]
[WhiteElo "1771"]
[BlackElo "2198"]
[PlyCount "68"]
[EventDate "2015.10.03"]
[EventType "team-tourn"]
[EventRounds "9"]
[EventCountry "ROU"]
[SourceTitle "CBM 168 Extra"]
[Source "ChessBase"]
[SourceDate "2015.10.29"]
[SourceVersion "1"]
[SourceVersionDate "2015.10.29"]
[SourceQuality "1"]
[WhiteTeam "Arad University (W)"]
[BlackTeam "Timisoara Medicina (W)"]
[WhiteTeamCountry "ROU"]
[BlackTeamCountry "ROU"]

1. e4 d6 2. d4 Nf6 3. Nc3 e5 4. dxe5 dxe5 5. Qxd8+ Kxd8 6. Bg5 Be6 7. 0-0-0+ Nbd7 8. Nd5 Kc8 9. Nxf6 gxf6 10. Be3 Bc5 11. Bxc5 Nxc5 12. f3 c6 13. Ne2 Kc7 14. Ng3 Rhg8 15. Rg1 b5 16. Be2 a5 17. b3 a4 18. b4 Nd7 19. a3 Nb6 20. Nf5 Bc4 21. Bd3 Rad8 22. Ne3 Be6 23. Rd2 Rd4 24. Rgd1 Rgd8 25. Be2 Nc8 26. c3 Rxd2 27. Rxd2 Nd6 28. Kd1 Rg8 29. Ke1 Rg5 30. h4 Rg8 31. g4 h5 32. Kf2 hxg4 33. Nf5 Bxf5 34. exf5 g3+ 0-1

[Event "ROM-ch (Women)"]
[Site "Calimanesti"]
[Date "2015.04.20"]
[Round "3"]
[White "Dobre, Ana Margareta Alexa"]
[Black "Florea, Dorina"]
[Result "1-0"]
[WhiteElo "2005"]
[BlackElo "1813"]
[PlyCount "59"]
[EventDate "2015.04.18"]
[EventType "swiss"]
[EventRounds "9"]
[EventCountry "ROU"]
[SourceTitle "CBM 166 Extra"]
[Source "ChessBase"]
[SourceDate "2015.06.18"]
[SourceVersion "1"]
[SourceVersionDate "2015.06.18"]
[SourceQuality "1"]

1. e4 c5 2. Nf3 d6 3. d3 Nc6 4. g3 Nf6 5. Bg2 e6 6. 0-0 Be7 7. Nbd2 0-0 8. c3 Bd7 9. Ne1 Rb8 10. f4 e5 11. f5 b5 12. g4 h6 13. Qf3 Nh7 14. Qg3 Bh4 15. Qh3 Bf6 16. Ndf3 b4 17. Qg3 bxc3 18. bxc3 Qa5 19. Bd2 Rb2 20. h4 Rfb8 21. g5 hxg5 22. hxg5 Bd8 23. g6 fxg6 24. Qxg6 Bf6 25. Rf2 Be8 26. Qg4 Qc7 27. Bf1 Nf8 28. Rh2 Kf7 29. Ng2 Qb6 30. Ne3 1-0

[Event "ROM-ch (Women)"]
[Site "Calimanesti"]
[Date "2015.04.19"]
[Round "2"]
[White "Lolici, Iselin Amanda"]
[Black "Florea, Dorina"]
[Result "1-0"]
[WhiteElo "1934"]
[BlackElo "1813"]
[PlyCount "120"]
[EventDate "2015.04.18"]
[EventType "swiss"]
[EventRounds "9"]
[EventCountry "ROU"]
[SourceTitle "CBM 166 Extra"]
[Source "ChessBase"]
[SourceDate "2015.06.18"]
[SourceVersion "1"]
[SourceVersionDate "2015.06.18"]
[SourceQuality "1"]

1. c4 Nf6 2. g3 d5 3. cxd5 Qxd5 4. Nf3 Nc6 5. Bg2 e5 6. Nc3 Qa5 7. d3 Be7 8. 0-0 0-0 9. a3 Be6 10. Bd2 Qb6 11. b4 Nd7 12. Be3 Nd4 13. Na4 Nxf3+ 14. Bxf3 Qa6 15. b5 Qd6 16. Bxb7 Rab8 17. Bc6 Nb6 18. Qc2 f5 19. Bc5 Qd8 20. Bxe7 Qxe7 21. Qc5 Qd6 22. Qxd6 cxd6 23. Nxb6 axb6 24. a4 Rf7 25. a5 bxa5 26. Rxa5 Rc7 27. Rfa1 Kf8 28. Ra8 Rxa8 29. Rxa8+ Ke7 30. Re8+ Kf7 31. Rb8 Ke7 32. Re8+ Kf7 33. Rb8 Ke7 34. Ba8 Rc1+ 35. Kg2 Ra1 36. Bc6 Rc1 37. Rb7+ Kf6 38. Ra7 Rb1 39. Ra6 Bc8 40. Ra8 Be6 41. Rb8 Ke7 42. b6 h6 43. b7 Bd7 44. Bxd7 Kxd7 45. Rg8 Rxb7 46. Rxg7+ Kc6 47. Rxb7 Kxb7 48. Kh3 Kc6 49. Kh4 Kd5 50. Kh5 Kd4 51. Kxh6 e4 52. Kg5 exd3 53. exd3 Kxd3 54. h4 d5 55. h5 d4 56. h6 Ke2 57. h7 d3 58. h8Q d2 59. Qe5+ Kxf2 60. Qxf5+ Ke1 1-0

[Event "ROM-chT (Women)"]
[Site "Calimanesti"]
[Date "2014.11.11"]
[Round "4.2"]
[White "Ionescu, Irina"]
[Black "Florea, Dorina"]
[Result "1-0"]
[WhiteElo "2133"]
[BlackElo "1830"]
[PlyCount "55"]
[EventDate "2014.11.08"]
[EventType "team-tourn"]
[EventRounds "7"]
[EventCountry "ROU"]
[SourceTitle "EXT 2015"]
[Source "ChessBase"]
[SourceDate "2014.11.20"]
[SourceVersion "1"]
[SourceVersionDate "2014.11.20"]
[SourceQuality "1"]
[WhiteTeam "Bucharest CSM (W)"]
[BlackTeam "Arad University (W)"]
[WhiteTeamCountry "ROU"]
[BlackTeamCountry "ROU"]

1. e4 c5 2. g3 Nc6 3. Bg2 Nf6 4. d3 d6 5. c3 g6 6. f4 Bg7 7. Nf3 0-0 8. 0-0 Bd7 9. h3 Qc7 10. g4 Rab8 11. Qe1 b5 12. f5 b4 13. Qh4 bxc3 14. bxc3 c4 15. g5 Nh5 16. d4 f6 17. gxf6 Bxf6 18. Bg5 Bg7 19. Nbd2 Bf6 20. Rae1 Ng7 21. fxg6 hxg6 22. Qh6 Be8 23. Nh4 Bxg5 24. Rxf8+ Kxf8 25. Qxg5 Bf7 26. Nxg6+ Bxg6 27. Qxg6 e5 28. Qh7 1-0

[Event "ROM-chT (Women)"]
[Site "Mamaia"]
[Date "2013.09.07"]
[Round "8.1"]
[White "Raeva, Elitsa"]
[Black "Florea, Dorina"]
[Result "1-0"]
[WhiteElo "2292"]
[BlackElo "1863"]
[PlyCount "75"]
[EventDate "2013.08.31"]
[EventType "team-tourn"]
[EventRounds "9"]
[EventCountry "ROU"]
[SourceTitle "CBM 156 Extra"]
[Source "ChessBase"]
[SourceDate "2013.10.22"]
[SourceVersion "1"]
[SourceVersionDate "2013.10.22"]
[SourceQuality "1"]
[WhiteTeam "Sinandrei (W)"]
[BlackTeam "Arad (W)"]
[WhiteTeamCountry "ROU"]
[BlackTeamCountry "ROU"]

1. c4 Nf6 2. Nc3 e6 3. Nf3 d5 4. d4 c6 5. Bg5 Be7 6. e3 h6 7. Bf4 Bd6 8. Ne5 Bc7 9. Bd3 Nbd7 10. 0-0 Nxe5 11. dxe5 Nd7 12. cxd5 Nxe5 13. dxc6 Nxc6 14. Bxc7 Qxc7 15. Bc2 0-0 16. Qd3 g6 17. Qc4 Bd7 18. Rad1 Rad8 19. Qh4 Kg7 20. Be4 a6 21. Rd2 f5 22. Bb1 Bc8 23. Rfd1 Rxd2 24. Rxd2 Rd8 25. Rxd8 Qxd8 26. Qxd8 Nxd8 27. Na4 Bd7 28. Nc5 Bc6 29. Bc2 e5 30. f3 Kf6 31. Kf2 g5 32. g3 Ne6 33. Nxe6 Kxe6 34. f4 a5 35. Ke2 Bd5 36. a3 e4 37. Kd2 gxf4 38. gxf4 1-0

[Event "ROM-chT (Women)"]
[Site "Mamaia"]
[Date "2013.09.06"]
[Round "7.1"]
[White "Florea, Dorina"]
[Black "Danielian, Elina"]
[Result "0-1"]
[WhiteElo "1863"]
[BlackElo "2470"]
[PlyCount "42"]
[EventDate "2013.08.31"]
[EventType "team-tourn"]
[EventRounds "9"]
[EventCountry "ROU"]
[SourceTitle "CBM 156 Extra"]
[Source "ChessBase"]
[SourceDate "2013.10.22"]
[SourceVersion "1"]
[SourceVersionDate "2013.10.22"]
[SourceQuality "1"]
[WhiteTeam "Arad (W)"]
[BlackTeam "Timisoara Luxten (W)"]
[WhiteTeamCountry "ROU"]
[BlackTeamCountry "ROU"]

1. e4 c6 2. d4 d6 3. Nc3 Nf6 4. Nf3 Bg4 5. Be2 e6 6. Be3 d5 7. e5 Nfd7 8. h3 Bxf3 9. Bxf3 c5 10. 0-0 Nc6 11. Re1 cxd4 12. Bxd4 Nxd4 13. Qxd4 Bc5 14. Qd2 0-0 15. Na4 Qc7 16. Nxc5 Qxc5 17. c3 Rac8 18. Bd1 a6 19. Bb3 Rfd8 20. Ba4 b5 21. Qd4 Qf8 0-1

[Event "ROM-chT (Women)"]
[Site "Mamaia"]
[Date "2013.09.05"]
[Round "6.1"]
[White "Marin, Irina Luiza"]
[Black "Florea, Dorina"]
[Result "1/2-1/2"]
[WhiteElo "2130"]
[BlackElo "1863"]
[PlyCount "58"]
[EventDate "2013.08.31"]
[EventType "team-tourn"]
[EventRounds "9"]
[EventCountry "ROU"]
[SourceTitle "CBM 156 Extra"]
[Source "ChessBase"]
[SourceDate "2013.10.22"]
[SourceVersion "1"]
[SourceVersionDate "2013.10.22"]
[SourceQuality "1"]
[WhiteTeam "Bucharest Central CC (W)"]
[BlackTeam "Arad (W)"]
[WhiteTeamCountry "ROU"]
[BlackTeamCountry "ROU"]

1. c4 Nf6 2. g3 e6 3. Nf3 d5 4. b3 Be7 5. Bg2 0-0 6. 0-0 c6 7. Bb2 Nbd7 8. d3 Qc7 9. Qc2 Ng4 10. Nc3 Nge5 11. Nxe5 Nxe5 12. cxd5 cxd5 13. Rac1 Nc6 14. e3 Bd7 15. a3 Rac8 16. b4 a6 17. Na4 Qd8 18. Nc5 b6 19. Nxd7 Qxd7 20. Qb3 b5 21. h4 Rc7 22. h5 h6 23. f4 Rfc8 24. f5 Bg5 25. Rce1 Qd6 26. fxe6 fxe6 27. Kh2 Bh4 28. Rf4 Bg5 29. Rf2 Ne5 1/2-1/2

[Event "ROM-chT (Women)"]
[Site "Mamaia"]
[Date "2013.09.01"]
[Round "2.1"]
[White "Florea, Dorina"]
[Black "Atalik, Ekaterina"]
[Result "0-1"]
[WhiteElo "1863"]
[BlackElo "2431"]
[PlyCount "33"]
[EventDate "2013.08.31"]
[EventType "team-tourn"]
[EventRounds "9"]
[EventCountry "ROU"]
[SourceTitle "CBM 156 Extra"]
[Source "ChessBase"]
[SourceDate "2013.10.22"]
[SourceVersion "1"]
[SourceVersionDate "2013.10.22"]
[SourceQuality "1"]
[WhiteTeam "Arad (W)"]
[BlackTeam "Timisoara Medicina (W)"]
[WhiteTeamCountry "ROU"]
[BlackTeamCountry "ROU"]

1. e4 c5 2. Nf3 d6 3. d4 cxd4 4. Nxd4 Nf6 5. Nc3 Nc6 6. Be2 e6 7. 0-0 Be7 8. Be3 Bd7 9. Ndb5 Qb8 10. a4 0-0 11. f4 Rd8 12. Bf3 Nb4 13. Qe2 Bc6 14. Nd4 d5 15. Nxc6 bxc6 16. e5 Nd7 17. Rfe1 0-1

[Event "ROM-ch"]
[Site "Baile Olanesti"]
[Date "2013.02.18"]
[Round "3"]
[White "Florea, Dorina"]
[Black "Vasile, Claudiu Daniel"]
[Result "1/2-1/2"]
[WhiteElo "1912"]
[BlackElo "2145"]
[PlyCount "101"]
[EventDate "2013.02.16"]
[EventType "swiss"]
[EventRounds "11"]
[EventCountry "ROU"]
[SourceTitle "CBM 153 Extra"]
[Source "ChessBase"]
[SourceDate "2013.04.22"]
[SourceVersion "1"]
[SourceVersionDate "2013.04.22"]
[SourceQuality "1"]

1. e4 e5 2. f4 exf4 3. Nf3 g5 4. h4 g4 5. Ne5 Qe7 6. d4 d6 7. Nxg4 Qxe4+ 8. Qe2 Qe7 9. Qxe7+ Bxe7 10. Be2 Bd7 11. Bxf4 Nf6 12. Ne3 Rg8 13. Nd2 Nc6 14. c3 0-0-0 15. 0-0-0 Ng4 16. Nxg4 Bxg4 17. Rde1 Bxe2 18. Rxe2 Rg4 19. g3 d5 20. Nf3 Bd6 21. Ne5 Nxe5 22. dxe5 Bc5 23. Rf1 Re8 24. Bg5 Be7 25. Rxf7 Bxg5+ 26. hxg5 Rxg5 27. Rxh7 Rgxe5 28. Rxe5 Rxe5 29. Rg7 Re2 30. g4 b6 31. a3 a5 32. g5 Rg2 33. b3 Kb7 34. a4 Kc6 35. g6 Kd6 36. Rg8 Kc6 37. g7 Kb7 38. Kd1 Kc6 39. Ke1 Kb7 40. Kf1 Rg5 41. Kf2 c6 42. Kf3 Rg1 43. Kf4 Rf1+ 44. Ke5 Re1+ 45. Kd6 Rg1 46. Ke6 Re1+ 47. Kf6 Rf1+ 48. Ke5 Re1+ 49. Kd4 Rd1+ 50. Ke3 Rg1 51. Kd3 1/2-1/2

[Event "ROM-ch"]
[Site "Baile Olanesti"]
[Date "2013.02.17"]
[Round "2"]
[White "Tureac, Emil"]
[Black "Florea, Dorina"]
[Result "0-1"]
[WhiteElo "1673"]
[BlackElo "1912"]
[PlyCount "106"]
[EventDate "2013.02.16"]
[EventType "swiss"]
[EventRounds "11"]
[EventCountry "ROU"]
[SourceTitle "CBM 153 Extra"]
[Source "ChessBase"]
[SourceDate "2013.04.22"]
[SourceVersion "1"]
[SourceVersionDate "2013.04.22"]
[SourceQuality "1"]

1. e4 c5 2. Nf3 d6 3. d4 Nf6 4. Nc3 cxd4 5. Nxd4 a6 6. Bc4 e6 7. a3 Qc7 8. Bd3 Nc6 9. Nxc6 Qxc6 10. Bg5 Be7 11. Qd2 Bd7 12. 0-0 0-0 13. Kh1 h6 14. Bh4 Qb6 15. b4 Nxe4 16. Nxe4 Bxh4 17. c4 Be7 18. f4 f5 19. Ng3 Bf6 20. Rab1 Bc6 21. Nh5 Qd4 22. Qe2 Rae8 23. b5 axb5 24. cxb5 Bd5 25. Rb4 Qc3 26. Nxf6+ Qxf6 27. Bc4 Be4 28. Bd3 d5 29. Rc1 Rc8 30. Rxc8 Rxc8 31. h3 Qc3 32. Bxe4 fxe4 33. Qg4 Qf6 34. a4 Qf5 35. Qxf5 exf5 36. a5 e3 37. Rb1 d4 38. a6 bxa6 39. bxa6 Ra8 40. Ra1 e2 41. Kg1 Rxa6 42. Rb1 Re6 43. Kf2 e1Q+ 44. Rxe1 Rxe1 45. Kxe1 Kf7 46. Ke2 Ke6 47. Kd3 Kd5 48. g4 g6 49. g5 h5 50. h4 Kc5 51. Kd2 Kc4 52. Kc2 d3+ 53. Kd2 Kd4 0-1

[Event "ROM-ch (Women)"]
[Site "Sarata Monteoru"]
[Date "2011.02.16"]
[Round "5"]
[White "Florea, Dorina"]
[Black "Copilu, Codruta Alexandra"]
[Result "1-0"]
[WhiteElo "1906"]
[BlackElo "1535"]
[PlyCount "49"]
[EventDate "2011.02.12"]
[EventType "swiss"]
[EventRounds "9"]
[EventCountry "ROU"]
[SourceTitle "CBM 140 Extra"]
[Source "ChessBase"]
[SourceDate "2011.03.01"]
[SourceVersion "1"]
[SourceVersionDate "2011.03.01"]
[SourceQuality "1"]

1. e4 c5 2. c3 Nf6 3. e5 Nd5 4. d4 cxd4 5. cxd4 Nc6 6. Bc4 Nb6 7. Bb3 e6 8. Nf3 d6 9. 0-0 Be7 10. Nc3 0-0 11. Nb5 a6 12. exd6 Bxd6 13. Nxd6 Qxd6 14. Bg5 Na5 15. Bc2 Bd7 16. Bh4 Rac8 17. Ng5 Nd5 18. Bxh7+ Kh8 19. Bg3 Qe7 20. Qh5 Nf6 21. Qh4 Nc6 22. Be5 Ng4 23. Bg6+ Nh6 24. Qxh6+ Kg8 25. Qh7# 1-0

[Event "ROM-ch (Women)"]
[Site "Sarata Monteoru"]
[Date "2011.02.14"]
[Round "3"]
[White "Florea, Dorina"]
[Black "Padurariu, Ioana Smaranda"]
[Result "0-1"]
[WhiteElo "1906"]
[BlackElo "2160"]
[PlyCount "62"]
[EventDate "2011.02.12"]
[EventType "swiss"]
[EventRounds "9"]
[EventCountry "ROU"]
[SourceTitle "CBM 140 Extra"]
[Source "ChessBase"]
[SourceDate "2011.03.01"]
[SourceVersion "1"]
[SourceVersionDate "2011.03.01"]
[SourceQuality "1"]

1. e4 c5 2. Nf3 e6 3. d4 cxd4 4. Nxd4 a6 5. c4 Qc7 6. Nc3 Nf6 7. Bd3 Be7 8. 0-0 0-0 9. Be3 d6 10. h3 b6 11. Rc1 Bb7 12. f4 Nbd7 13. b4 Rfe8 14. Nf3 Rac8 15. a3 Qb8 16. Nd2 Qa8 17. g4 g6 18. Qe2 Bc6 19. a4 a5 20. b5 Bb7 21. g5 Nh5 22. Qf2 Bf8 23. Bxb6 Nxb6 24. Qxb6 d5 25. Nb3 dxc4 26. Bxc4 Rxc4 27. Qxa5 Bc5+ 28. Kh2 Be3 29. Rc2 Bxf4+ 30. Kg1 Be3+ 31. Kh2 Qb8+ 0-1